Kabale University Library Catalogue

The Nile English Course : (Record no. 6216)

MARC details
000 -LEADER
fixed length control field 00793nam a22002777a 4500
003 - CONTROL NUMBER IDENTIFIER
control field OSt
005 - DATE AND TIME OF LATEST TRANSACTION
control field 20260514103214.0
008 - FIXED-LENGTH DATA ELEMENTS--GENERAL INFORMATION
fixed length control field 260514b |||||||| |||| 00| 0 eng d
020 ## - INTERNATIONAL STANDARD BOOK NUMBER
International Standard Book Number 0333520238
040 ## - CATALOGING SOURCE
Original cataloging agency KABLIB
Language of cataloging eng
Transcribing agency KABLIB
082 ## - DEWEY DECIMAL CLASSIFICATION NUMBER
Edition number 23
Classification number 428
Item number BUG
100 ## - MAIN ENTRY--PERSONAL NAME
Personal name Bugembe J.B.
Relator term author
9 (RLIN) 15806
245 ## - TITLE STATEMENT
Title The Nile English Course :
Remainder of title Pupil's Book 6/
Statement of responsibility, etc. J.B Bugembe et al...
260 ## - PUBLICATION, DISTRIBUTION, ETC.
Place of publication, distribution, etc. London :
Name of publisher, distributor, etc. Macmillan Education Ltd.
Date of publication, distribution, etc. C1971
300 ## - PHYSICAL DESCRIPTION
Extent 261 p.;
Other physical details ill, (col)
Dimensions 27 cm.
650 ## - SUBJECT ADDED ENTRY--TOPICAL TERM
Topical term or geographic name entry element Writing
9 (RLIN) 14717
650 ## - SUBJECT ADDED ENTRY--TOPICAL TERM
Topical term or geographic name entry element Speech
9 (RLIN) 14712
651 ## - SUBJECT ADDED ENTRY--GEOGRAPHIC NAME
Geographic name Uganda
700 ## - ADDED ENTRY--PERSONAL NAME
Personal name Hemphill R.J.
9 (RLIN) 15807
700 ## - ADDED ENTRY--PERSONAL NAME
Personal name Hinkley V.A
9 (RLIN) 15808
700 ## - ADDED ENTRY--PERSONAL NAME
Personal name Mayerson P.S
9 (RLIN) 15809
700 ## - ADDED ENTRY--PERSONAL NAME
Personal name Musis C
9 (RLIN) 15810
700 ## - ADDED ENTRY--PERSONAL NAME
Personal name Nyakato Dorothy
9 (RLIN) 15811
700 ## - ADDED ENTRY--PERSONAL NAME
Personal name Wolfgang M
9 (RLIN) 15812
942 ## - ADDED ENTRY ELEMENTS (KOHA)
Source of classification or shelving scheme Dewey Decimal Classification
Koha item type Book

No items available.


Kabale University Library | Kabale University P.O Box 317, Kabale, Uganda
Tel : +256754017033, +256774661503 E-mail : library@kab.ac.ug